| 000 | 00661nam a2200217Ia 4500 | ||
|---|---|---|---|
| 005 | 20250508164023.0 | ||
| 008 | 008 250505s9999 xx 000 0 hin d | ||
| 020 | _a81-7198-192-5 | ||
| 037 | _aTextBook | ||
| 040 |
_aFEDL _beng _cFEDL |
||
| 041 |
_ahin _2eng |
||
| 084 |
_a320.092, GAB _qFEDL |
||
| 100 |
_aGaba Om Parkash _9777093 |
||
| 245 | 0 | _aBhartiya rajniti-vichark : prachin, mudhyugin or adhunik bhartiya rajniti-chintan ka alochnatmak vivachan | |
| 260 |
_aDelhi, India _bMaure Paperbox _c1999 |
||
| 300 | _a198p | ||
| 365 |
_aINR _b45 |
||
| 650 | _aPolitical Science | ||
| 942 |
_cTB _h320.092, GAB |
||
| 999 |
_c1386614 _d1386614 |
||